Statistics for Foods that Start with C

Click here to take the quiz!

General Stats

  • This quiz has been taken 112,744 times
    (49,211 since last reset)
  • The average score is 15 of 20

Answer Stats

Answer% Correct
Carrot
100%
Cherry
99%
Cucumber
98%
Cotton Candy
93%
Croissant
93%
Cinnamon
89%
Churro
85%
Corn Dog
83%
Cashew
82%
Crêpe
81%
Caviar
79%
Canteloupe
77%
Candy Corn
73%
Crème brûlée
72%
Calamari
68%
Cilantro
64%
Cannoli
49%
Cloves
42%
Currant
30%
Chard
25%

Score Distribution

Percentile by Number Answered

Percent of People with Each Score

Your Score History

You have not taken this quiz since the last reset